[Event "2011 Calgary International"]
[Site "Calgary"]
[Date "2011.05.21"]
[Round "4"]
[White "Neven, Knut"]
[Black "Kazmaier, Daniel"]
[Result "1-0"]
[WhiteElo "2155"]
[BlackElo "2137"]
[PlyCount "82"]
[EventDate "2011.05.19"]
[EventType "tourn"]
[EventRounds "9"]
[EventCountry "CAN"]
[EventCategory "4"]

1. e4 e6 2. d4 d5 3. e5 c5 4. Nf3 Qb6 5. Nbd2 cxd4 6. Bd3 Nc6 7. Qe2 Nge7 8.
O-O Ng6 9. Nb3 Be7 10. g3 Bd7 11. h4 f6 12. Bxg6+ hxg6 13. Bf4 Kf7 14. Rfd1 a5
15. Nbxd4 a4 16. c3 Qa6 17. Qd2 Na5 18. b3 b6 19. Re1 f5 20. Bg5 Bc5 21. Be3
Be7 22. Qc2 Rhc8 23. Bg5 Bb4 24. Bd2 Be7 25. Kg2 Nb7 26. Rh1 axb3 27. axb3 Qxa1
28. Rxa1 Rxa1 29. b4 Rca8 30. Bc1 Ba4 31. Qd2 Bd7 32. h5 gxh5 33. Ng5+ Bxg5 34.
Qxg5 Rh8 35. Ne2 Bb5 36. Nf4 Rxc1 37. Qg6+ Ke7 38. Qxg7+ Ke8 39. Qxh8+ Kd7 40.
Qg7+ Kc6 41. Nxd5 exd5 1-0

[Event "2011 Calgary International"]
[Site "Calgary"]
[Date "2011.05.21"]
[Round "5"]
[White "Sevillano, Enrico"]
[Black "Neven, Knut"]
[Result "1-0"]
[WhiteElo "2510"]
[BlackElo "2155"]
[PlyCount "89"]
[EventDate "2011.05.19"]
[EventType "tourn"]
[EventRounds "9"]
[EventCountry "CAN"]
[EventCategory "4"]

1. e4 e6 2. d4 d5 3. e5 c5 4. c3 Nc6 5. Nf3 Nh6 6. a3 cxd4 7. cxd4 f6 8. Nc3
Nf7 9. exf6 gxf6 10. Bd3 Bg7 11. O-O O-O 12. Re1 a6 13. Bc2 Kh8 14. Bf4 Nd6 15.
Na4 Ne4 16. Bxe4 dxe4 17. Rxe4 f5 18. Re3 b5 19. Nc3 Ra7 20. Ne2 Ne7 21. Bg5
Qd6 22. Ne5 Nd5 23. Rd3 Bxe5 24. dxe5 Qxe5 25. Nd4 Qg7 26. Qd2 f4 27. Nf3 h6
28. Rxd5 exd5 29. Bxf4 Rxf4 30. Qxf4 Rf7 31. Qd4 Qxd4 32. Nxd4 Rc7 33. Rd1 Kg7
34. f3 Kf6 35. Kf2 Bd7 36. g4 Rc4 37. Ke3 a5 38. h4 b4 39. axb4 Rxb4 40. Rd2
Rb8 41. Kf4 Rf8 42. Rc2 a4 43. Rc7 Ke7+ 44. Ke5 Kd8 45. Ra7 1-0

[Event "2011 Calgary International"]
[Site "Calgary"]
[Date "2011.05.22"]
[Round "6"]
[White "Kraai, Jesse"]
[Black "Sevillano, Enrico"]
[Result "0-1"]
[WhiteElo "2516"]
[BlackElo "2510"]
[PlyCount "108"]
[EventDate "2011.05.19"]
[EventType "tourn"]
[EventRounds "9"]
[EventCountry "CAN"]
[EventCategory "4"]

1. Nf3 Nf6 2. g3 d5 3. Bg2 g6 4. O-O Bg7 5. c4 dxc4 6. Na3 O-O 7. Nxc4 c6 8. d4
Be6 9. b3 Bd5 10. Bb2 Nbd7 11. Rc1 Nb6 12. Qd2 Qc7 13. Qa5 Rfd8 14. Rfd1 Ne8
15. Nce5 Nd7 16. Nc4 Qb8 17. Ba3 Nd6 18. e3 Bf8 19. Qe1 Nf6 20. Qe2 Qc7 21. Bb2
Bh6 22. a4 Re8 23. Nfd2 Bxg2 24. Kxg2 Rad8 25. b4 Qd7 26. b5 Nxc4 27. Qxc4 Rc8
28. Nf3 Qf5 29. Ne5 Nd5 30. bxc6 Qe4+ 31. Kg1 Rxc6 32. Qd3 Qxd3 33. Nxd3 Nxe3
34. fxe3 Bxe3+ 35. Kg2 Bxc1 36. Bxc1 Rc4 37. Nf4 Rxa4 38. d5 Ra1 39. d6 exd6
40. Nd5 Re6 41. Kf3 a5 42. g4 h6 43. h4 g5 44. hxg5 hxg5 45. Nc3 Re5 46. Ne4
Rb1 47. Nd2 Rd5 48. Ke2 Ra1 49. Rh1 a4 50. Ne4 Re5 51. Kd3 a3 52. Nf6+ Kg7 53.
Nd7 Rb1 54. Nxe5 dxe5 0-1

[Event "2011 Calgary International"]
[Site "Calgary"]
[Date "2011.05.22"]
[Round "7"]
[White "Langer, Michael"]
[Black "Haessel, Dale"]
[Result "0-1"]
[WhiteElo "2267"]
[BlackElo "2184"]
[PlyCount "80"]
[EventDate "2011.05.19"]
[EventType "tourn"]
[EventRounds "9"]
[EventCountry "CAN"]
[EventCategory "4"]

1. e4 e5 2. Nf3 Nf6 3. Nxe5 d6 4. Nf3 Nxe4 5. Nc3 Nxc3 6. dxc3 Be7 7. Be3 Nc6
8. Bc4 O-O 9. Qd2 Ne5 10. Be2 Re8 11. O-O-O Ng4 12. Bd4 c5 13. h3 cxd4 14. hxg4
dxc3 15. Qxc3 Bxg4 16. Bb5 Bg5+ 17. Kb1 Re6 18. Bd3 h6 19. Bc4 Bf6 20. Qb4 a5
21. Qa3 Re4 22. Qd3 Qb6 23. c3 Bf5 24. Bxf7+ Kxf7 25. Ka1 Kg6 26. Nd2 Rg4 27.
Qh3 Kh7 28. Nc4 Qc5 29. Ne3 Rg5 30. g4 Bg6 31. f4 Qxc3 32. Rh2 Rb5 33. f5 Rxb2
34. fxg6+ Kh8 35. Nd5 Rxh2+ 36. Qxc3 Bxc3+ 37. Nxc3 Rg2 38. Rxd6 Rxg4 39. Kb2
Rc4 40. Nd5 Rc6 0-1

[Event "2011 Calgary International"]
[Site "Calgary"]
[Date "2011.05.22"]
[Round "7"]
[White "Neven, Knut"]
[Black "Kraai, Jesse"]
[Result "0-1"]
[WhiteElo "2155"]
[BlackElo "2516"]
[PlyCount "64"]
[EventDate "2011.05.19"]
[EventType "tourn"]
[EventRounds "9"]
[EventCountry "CAN"]
[EventCategory "4"]

1. e4 c5 2. Nf3 Nc6 3. d4 cxd4 4. Nxd4 g6 5. Be3 Nf6 6. Nc3 Bg7 7. Qd2 Ng4 8.
Nxc6 bxc6 9. Bc4 Nxe3 10. Qxe3 Qb6 11. Qxb6 axb6 12. Nd1 Ra4 13. Bd3 Ba6 14.
Bxa6 Rxa6 15. c3 Ra4 16. f3 d5 17. exd5 cxd5 18. Ke2 O-O 19. Re1 b5 20. a3 Rc8
21. Rb1 e6 22. Kf1 h5 23. g3 d4 24. cxd4 Rxd4 25. Re2 Rd3 26. Re3 Rd2 27. Re2
Rcd8 28. Rxd2 Rxd2 29. h4 Bd4 30. Nc3 Rf2+ 31. Ke1 Rxb2 32. Rc1 Bf2+ 0-1

[Event "2011 Calgary International"]
[Site "Calgary"]
[Date "2011.05.23"]
[Round "8"]
[White "Haessel, Dale"]
[Black "Kazmaier, Daniel"]
[Result "1-0"]
[WhiteElo "2184"]
[BlackElo "2137"]
[PlyCount "55"]
[EventDate "2011.05.19"]
[EventType "tourn"]
[EventRounds "9"]
[EventCountry "CAN"]
[EventCategory "4"]

1. Nf3 d6 2. d4 f5 3. c4 Nf6 4. g3 g6 5. Bg2 Bg7 6. O-O O-O 7. b3 c6 8. Bb2 Qe8
9. Qc2 h6 10. Nbd2 Qf7 11. Rae1 Na6 12. Bc3 Nc7 13. e4 f4 14. e5 Bf5 15. Qb2
Nh5 16. exd6 exd6 17. Ne4 Bxe4 18. Rxe4 d5 19. Ne5 Qf5 20. Re2 Rae8 21. Rfe1
Kh7 22. g4 Qg5 23. gxh5 Rxe5 24. Rxe5 Bxe5 25. Rxe5 Rf5 26. hxg6+ Kg7 27. Rxf5
Qxf5 28. Qe2 1-0

[Event "2011 Calgary International"]
[Site "Calgary"]
[Date "2011.05.23"]
[Round "8"]
[White "Stopa, Jacek"]
[Black "Langer, Michael"]
[Result "1-0"]
[WhiteElo "2460"]
[BlackElo "2267"]
[PlyCount "55"]
[EventDate "2011.05.19"]
[EventType "tourn"]
[EventRounds "9"]
[EventCountry "CAN"]
[EventCategory "4"]

1. e4 c5 2. Nf3 d6 3. d4 cxd4 4. Nxd4 Nf6 5. Nc3 a6 6. Bg5 e6 7. f4 Be7 8. Qf3
Qc7 9. O-O-O Nbd7 10. Qg3 h6 11. Bh4 g5 12. fxg5 Nh5 13. Qe3 Qc5 14. Qd2 Ne5
15. Nb3 Qc7 16. Be2 Nf4 17. Qxf4 Ng6 18. Qf2 Nxh4 19. gxh6 Rxh6 20. Rhf1 Bg5+
21. Kb1 Ng6 22. Nd4 Ne5 23. Qg3 Be7 24. Qg8+ Bf8 25. Ndb5 axb5 26. Nxb5 Qa5 27.
Nxd6+ Ke7 28. Rxf7+ 1-0

[Event "2011 Calgary International"]
[Site "Calgary"]
[Date "2011.05.23"]
[Round "9"]
[White "Kazmaier, Daniel"]
[Black "Stopa, Jacek"]
[Result "1-0"]
[WhiteElo "2137"]
[BlackElo "2460"]
[PlyCount "93"]
[EventDate "2011.05.19"]
[EventType "tourn"]
[EventRounds "9"]
[EventCountry "CAN"]
[EventCategory "4"]

1. e4 g6 2. d4 Bg7 3. Nc3 c6 4. Be3 d5 5. e5 Nh6 6. f4 Ng4 7. Bc1 h5 8. Nf3 b5
9. Bd3 a5 10. O-O Na6 11. h3 Nh6 12. Be3 Bf5 13. Be2 Nc7 14. Ne1 Be4 15. Nd3
Nf5 16. Qd2 Ne6 17. Nf2 Bxc2 18. Rac1 Nxe3 19. Qxe3 Bf5 20. g4 hxg4 21. hxg4
Bh6 22. Nh3 Be4 23. Rfd1 g5 24. fxg5 Nxg5 25. Nxg5 e6 26. Ncxe4 dxe4 27. Qxe4
Bxg5 28. Rxc6 Kf8 29. d5 Rh3 30. Bf3 Bh6 31. Rc3 Kg7 32. dxe6 Rg3+ 33. Kf1 Qb6
34. Bg2 Rxc3 35. bxc3 Ra7 36. Rd6 Qc5 37. Rc6 Qa3 38. Bf3 Qc1+ 39. Kg2 Qd2+ 40.
Be2 Be3 41. Kf3 Bg5 42. Rd6 Qe1 43. Rd1 Qxc3+ 44. Bd3 Kf8 45. Rh1 Qd2 46. Rh8+
Ke7 47. exf7 1-0

[Event "2011 Calgary International"]
[Site "Calgary"]
[Date "2011.05.23"]
[Round "9"]
[White "Sevillano, Enrico"]
[Black "Haessel, Dale"]
[Result "1/2-1/2"]
[WhiteElo "2510"]
[BlackElo "2184"]
[PlyCount "31"]
[EventDate "2011.05.19"]
[EventType "tourn"]
[EventRounds "9"]
[EventCountry "CAN"]
[EventCategory "4"]

1. e4 e5 2. Nf3 Nf6 3. Nxe5 d6 4. Nf3 Nxe4 5. d3 Nf6 6. d4 d5 7. Bd3 Bd6 8. O-O
O-O 9. Bg5 Bg4 10. Nbd2 Nbd7 11. c3 c6 12. Qc2 Qc7 13. Rae1 Rae8 14. h3 Bh5 15.
Ne5 Bg6 16. Nxg6 1/2-1/2

[Event "South Lakes Congress"]
[Site "Cumbria"]
[Date "2011.06.??"]
[Round "3"]
[White "Ottosen, David"]
[Black "Patla, Robert"]
[Result "1/2-1/2"]
[WhiteElo "2133"]
[BlackElo "2136"]
[PlyCount "82"]
[EventDate "2011.06.11"]
[EventType "swiss"]
[EventRounds "5"]
[EventCountry "ENG"]

1. e4 c5 2. Nf3 Nc6 3. d4 cxd4 4. Nxd4 Nf6 5. Nc3 g6 6. Be3 Bg7 7. Nb3 d6 8.
Be2 Bd7 9. O-O O-O 10. f4 Rc8 11. g4 Ne8 12. Qd2 f5 13. Rad1 fxg4 14. Nc5 dxc5
15. Qxd7 Qxd7 16. Rxd7 Bd4 17. Bxd4 cxd4 18. Nd5 e6 19. Ne7+ Nxe7 20. Rxe7 Rxc2
21. Bxg4 Ng7 22. Rxb7 Rfc8 23. Rd1 h5 24. Bf3 R8c4 25. h4 e5 26. f5 gxf5 27.
exf5 Rc7 28. Rxc7 Rxc7 29. Re1 Nxf5 30. Rxe5 Rc1+ 31. Kf2 Rc2+ 32. Ke1 Nxh4 33.
Bxh5 Ng2+ 34. Kd1 Rxb2 35. Re8+ Kg7 36. Rd8 Rxa2 37. Rxd4 Kf6 38. Kc1 Ke5 39.
Rd7 Nf4 40. Bf7 Ra5 41. Kb2 Nd5 1/2-1/2

[Event "South Lakes Congress"]
[Site "Cumbria"]
[Date "2011.06.??"]
[Round "4"]
[White "Surtees, Mike"]
[Black "Ottosen, David"]
[Result "1-0"]
[WhiteElo "2151"]
[BlackElo "2133"]
[PlyCount "63"]
[EventDate "2011.06.11"]
[EventType "swiss"]
[EventRounds "5"]
[EventCountry "ENG"]

1. e4 e6 2. f4 d5 3. e5 c5 4. b4 Qb6 5. bxc5 Bxc5 6. Nf3 Bf2+ 7. Ke2 Nc6 8. c3
Bc5 9. d4 Be7 10. Kf2 Nh6 11. h3 O-O 12. g4 f6 13. Kg3 Nf7 14. Qc2 fxe5 15.
fxe5 Qc7 16. Kg2 Nxd4 17. Nxd4 Nxe5 18. Rh2 Bh4 19. Kg1 Qb6 20. Nd2 Ng6 21. Rb1
Qc7 22. N2f3 e5 23. Nf5 Bg3 24. Rg2 e4 25. N3d4 Be5 26. Qb3 Qc5 27. Ba3 Qa5 28.
Bxf8 Nxf8 29. Qxd5+ Qxd5 30. Ne7+ Kf7 31. Nxd5 b6 32. Rf2+ 1-0

[Event "South Lakes Congress"]
[Site "Cumbria"]
[Date "2011.06.??"]
[Round "5"]
[White "Ottosen, David"]
[Black "Quillan, Gary"]
[Result "0-1"]
[WhiteElo "2133"]
[BlackElo "2399"]
[PlyCount "74"]
[EventDate "2011.06.11"]
[EventType "swiss"]
[EventRounds "5"]
[EventCountry "ENG"]

1. e4 e6 2. d4 d5 3. Nc3 Bb4 4. e5 Ne7 5. Nf3 c5 6. a3 Bxc3+ 7. bxc3 Nbc6 8. h4
Qa5 9. Bd2 Qa4 10. g4 cxd4 11. cxd4 Nxd4 12. Bd3 Ng6 13. Bc3 Nc6 14. Nd4 Nxd4
15. Bxd4 Bd7 16. c3 Qxd1+ 17. Kxd1 h5 18. Bxg6 fxg6 19. g5 O-O 20. Be3 Rf3 21.
Rb1 Bc6 22. Rh2 Raf8 23. Kd2 a6 24. Bd4 R8f4 25. Rbh1 Bb5 26. Rh3 Kf7 27. Rxf3
Rxf3 28. Be3 Ke8 29. Rb1 d4 30. cxd4 Rh3 31. d5 exd5 32. Rb4 Kd7 33. a4 Bc6 34.
Bc5 Ke6 35. Bd6 Rf3 36. Ke2 Ra3 37. Rxb7 Ra2+ 0-1

[Event "2011 Canadian Open"]
[Site "Toronto"]
[Date "2011.07.09"]
[Round "1"]
[White "Bojkov, Dejan"]
[Black "Willis, Bradley"]
[Result "0-1"]
[WhiteElo "2544"]
[BlackElo "2094"]
[Annotator "Willis, Bradley"]
[PlyCount "82"]
[EventDate "2011.07.09"]
[EventType "swiss"]
[EventRounds "9"]
[EventCountry "CAN"]

1. e4 e6 2. d4 d5 3. Nd2 Nc6 4. Ngf3 {[if 4.c3, e5! ( John Watson's
exclamation mark) mixes things up. There's an article on 4.c3 by De Dovitiis
in Yearbook 99 concluding, if I understand it correctly, that Black is OK} Nf6
5. e5 Nd7 6. Nb3 {[the alternatives are 6.Be2, 6.Be3, the immediate 6.Bb5 and
6.c3 (the latter recommended by Tzermiadianos in his recent How to Beat the
French Defence: the essential guide to the Tarrasch), the]} f6 {[I had taken a
quick look at this line in John Watson's Dangerous Weapons: The French. The
author says, "The move 6....f6 is not that good but not as bad as it turned
out in the amusing miniature M. Tal -R. Vaganian, Dubna, 1973:7.Bb5,fxe5; 8.
dxe5, Nc5?; 9. Ng5!, Bd7; 10.Bxc6, bxc6; 11. Qh5ch, g6; 12.Qf3 1-0! " Ouch!.
The usual move is 6...a5. Although after 7.a4, Be7; 8.Bb5, Na7!;9.Be2,
Vysochin had a tenable game against Tiviakov (Cairo, 2002), Black had a lot
less space and after a few not-very-obvious (to me) inaccuracies got ground
down in the middlegame} 7. Bb5 a6 8. Bxc6 bxc6 9. exf6 {[I didn't expect this,
opening the b8-h7 diagonal for my bishop, but after 10.00 perhaps I could get
away with10....c5]} Qxf6 10. O-O Bd6 11. Na5 {[Bojkov says he'd originally
planned 11. Re1, 00;12.Qe2 to prevent 12...e5, but then noticed after 12...e5;
13.de, Nxe5 14. Qxe5??, the awkward 14....Qxf2ch]} O-O {; [ If 11...c5; Bojkov
was planning 12.dxc5, Nxc5; 12.c4. I really didn't like the look of that, and
in glancing at similar Guimard positions I'd thought: "Surely White can't get
away with taking thec-pawn!"]} 12. Nxc6 {[Consternation! He could get away
with it]} Bb7 13. Na5 Rab8 14. Qe2 $2 {[This is a fairly serious mistake. As
Bojkov points out, the simple 14. Nxb7, Rxb7;15.Qd3 is "technically won for
White with an extra pawn and a better pawn structure", since Black has only
vague attacking chances easy for a GM to rebuff. For example, I thought
perhaps I could at some point airlift the a7 Rook to the f-file , if necessary
via b6 if White took thea-pawn]} Ba8 $1 15. c3 Rbe8 16. Kh1 {[I didn't foresee
this subtle defensive move at all]} e5 17. Qxa6 e4 $6 {[ An instructive
inaccuracy---at least, I hope I'll learn from it! If the White King were still
on g1 this would be a killer, since ... .Bxh2 ch would win the White Queen.
But 16.Kh1 put paid to that fantasy. So, as Bojkov points out, "17....exd4 was
better, opening as many files as possible", and Fritz bears him out: 18.cxd5,
Qg6 [threatening 19...Rxf3] 19. Ng5, h6; 20. Nh3, Qc2; 21. Be3, Qxb2; 22. Rfb1,
Qc2; 23. Nb7, Bxb7 with a slight advantage to Black. Now, however, although
Black still has a dangerous-looking attack, White ought to have been able to
beat back the attack, and eventually cash his queen-side pawns.)} 18. Ng1 Qh4
19. g3 Qg4 20. Qe2 Qg6 21. Be3 h5 $2 {? [Too slow. Much better was 21....Nf6,
followed by 22.. ..Nh5, for now or on the following move White could play Nh3
and all is consolidated on the White K-side]} 22. Nb3 {[ It seems logical to
get the Na5 back in play, but doing so allows Black to activate his
white-squared Bishop]} Nf6 $2 {[ Better was 22....Qf5 to prevent 23. Nh3]} 23.
Nd2 Bc6 24. c4 $2 {[ This move, which during the game I thought was very
strong, in fact should let Black get back in the game. 24. Nh3 was still
advantageous forWhite]} h4 {[ I was kicking myself for not having played 23...
Bb7, since if I had, 24.... c6 would have been possible, but this was a
serious misunderstanding of the position; 24. Nh3 would then have given White
a bigger advantage]]} 25. c5 Be7 26. Bf4 $2 {? [26.a4! was necessary,
maintaining White's (by now rather slight) advantage]} Bd8 $2 {?; [Overlooking
26....Rb8!, which wins the b-pawn because of the threat of 26....Bb5, and
transfers the advantage to Black!]} 27. b4 Nh5 28. Be5 {, [Now, as Kevin
Spraggett points out, either 28....Qh6 or 28....Bd7 would continue to cause
White problems. Fritz suggests 28....Bf6!, with advantage to Black!} Rxe5 {
!?!? [ Punctuation courtesy of GM Spraggett in the July 11th, 2011 edition of
his exceptionally entertaining and instructive blog. Given the a big hole in
my idea, perhaps he was being too generous ---maybe ?!?! was more apt.]} 29.
dxe5 d4 30. f3 $2 {[As Spraggett noted in his blog, and as GM Bojkov indicated
immediately after the game, simply 30. Qc4ch followed by 31 b5 and c6, would
have shut the Bishop out of the game and refuted the exchange sac ---which
Bojkov had in fact provoked, intending to play 30. Qc4ch. But he fell prey to
a hallucination, thinking that after 31. b5, hxg3; 32.fxg3, Nxg3ch; 33.hxg3,
Qh6ch; 34.Kg2, Qxd2ch Black had a perpetual, and overlooking 35. Ne2! +- . As
for me, I'd like to be able to say that I had a skein of complex variations in
mind, but in fact, like Dickens' Mr. Micawber, I was just trusting that
"something would turn up". And luckily, something did, in the welcome shape of
30.f3? Now White is lost.]} d3 $1 31. Qg2 e3 $1 {[Tableau!]} 32. Nb3 hxg3 33.
Nd4 Bd5 34. Nh3 Bh4 35. Rg1 Nf4 36. Nxf4 Rxf4 37. hxg3 Rxd4 38. Qh3 Bxf3+ 39.
Kh2 Bd8 40. g4 Rxg4 41. Rxg4 Qxg4 0-1

[Event "6th Edmonton International"]
[Site "Edmonton"]
[Date "2011.07.27"]
[Round "1"]
[White "Abrahamyan, Tatev"]
[Black "Benjamin, Joel"]
[Result "0-1"]
[WhiteElo "2343"]
[BlackElo "2553"]
[PlyCount "86"]
[EventDate "2011.07.27"]
[EventType "tourn"]
[EventRounds "9"]
[EventCountry "CAN"]
[EventCategory "4"]
[TimeControl "5400"]

1. e4 e5 2. Nf3 Nc6 3. Bc4 Nf6 4. d3 Be7 5. O-O O-O 6. Re1 d6 7. c3 Nd7 8. Bb3
Nb6 9. Nbd2 Kh8 10. d4 exd4 11. cxd4 f5 12. d5 Ne5 13. Nd4 f4 14. h3 Qe8 15.
N2f3 Nbd7 16. Bd2 Bf6 17. Rc1 Nc5 18. Nxe5 Bxe5 19. Bc3 Qg6 20. Qf3 Bd7 21. Bc2
a5 22. Bb1 b6 23. Ne2 Rae8 24. Bxe5 Rxe5 25. Nxf4 Qf7 26. Nd3 Qxf3 27. gxf3
Rg5+ 28. Kf1 Rxf3 29. Nxc5 bxc5 30. Ke2 Rxh3 31. Bd3 Rg2 32. Rf1 Bg4+ 33. Kd2
Rf3 34. e5 Rgxf2+ 35. Rxf2 Rxf2+ 36. Ke3 Rf3+ 37. Ke4 g5 38. e6 Kg7 39. Rg1 h5
40. Be2 Rf4+ 41. Ke3 Kf6 42. Bxg4 Rxg4 43. Rf1+ Rf4 0-1

[Event "6th Edmonton International"]
[Site "Edmonton"]
[Date "2011.07.27"]
[Round "1"]
[White "Gardner, Robert"]
[Black "Shabalov, Alexander"]
[Result "0-1"]
[WhiteElo "2188"]
[BlackElo "2577"]
[PlyCount "72"]
[EventDate "2011.07.27"]
[EventType "tourn"]
[EventRounds "9"]
[EventCountry "CAN"]
[EventCategory "4"]
[TimeControl "5400"]

1. d4 Nf6 2. c4 g6 3. Nc3 Bg7 4. e4 d6 5. Nf3 O-O 6. h3 Nbd7 7. Bg5 e5 8. d5 a5
9. Nd2 Nc5 10. g4 Bd7 11. Rg1 Kh8 12. h4 h6 13. Be3 Nh7 14. g5 h5 15. Nf3 a4
16. Be2 c6 17. Qd2 cxd5 18. Bxc5 dxc5 19. Qxd5 a3 20. Rd1 Bg4 21. Qxc5 Qe8 22.
b3 Bxf3 23. Bxf3 f6 24. Bxh5 fxg5 25. Bg4 gxh4 26. Rd7 Rf7 27. Qd5 Rxd7 28.
Bxd7 Qe7 29. Qxb7 Rf8 30. Bc6 Qf6 31. Rf1 Ng5 32. Nd5 Nf3+ 33. Kd1 Qg5 34. Qb4
h3 35. Ne3 h2 36. Qxa3 Ng1 0-1

[Event "6th Edmonton International"]
[Site "Edmonton"]
[Date "2011.07.27"]
[Round "1"]
[White "Haessel, Dale"]
[Black "Wang, Richard"]
[Result "1/2-1/2"]
[WhiteElo "2211"]
[BlackElo "2240"]
[PlyCount "66"]
[EventDate "2011.07.27"]
[EventType "tourn"]
[EventRounds "9"]
[EventCountry "CAN"]
[EventCategory "4"]
[TimeControl "5400"]

1. Nf3 d5 2. d4 Nf6 3. c4 c6 4. e3 Bf5 5. Nc3 e6 6. Nh4 Bg6 7. Be2 Nbd7 8. Nxg6
hxg6 9. O-O Bd6 10. g3 O-O 11. Qc2 Qe7 12. b3 Rac8 13. Bb2 Ba3 14. Rfd1 Rfd8
15. Rac1 dxc4 16. bxc4 e5 17. Bxa3 Qxa3 18. Qb3 Qxb3 19. axb3 exd4 20. exd4 Nb6
21. Ra1 a6 22. Bf3 Rc7 23. Rd2 Kf8 24. Kf1 g5 25. Rad1 g6 26. h3 Kg7 27. Ke1
Re7+ 28. Re2 Red7 29. Red2 Ra8 30. Re2 Rh8 31. Bg2 Rhd8 32. Red2 Rd6 33. d5
R6d7 1/2-1/2

[Event "6th Edmonton International"]
[Site "Edmonton"]
[Date "2011.07.27"]
[Round "1"]
[White "Pechenkin, Vladimir"]
[Black "Melekhina, Alisa"]
[Result "1/2-1/2"]
[WhiteElo "2297"]
[BlackElo "2263"]
[PlyCount "132"]
[EventDate "2011.07.27"]
[EventType "tourn"]
[EventRounds "9"]
[EventCountry "CAN"]
[EventCategory "4"]
[TimeControl "5400"]

1. c4 g6 2. Nc3 Bg7 3. g3 d6 4. Bg2 e5 5. d3 f5 6. e4 Nf6 7. Nge2 O-O 8. O-O c6
9. h3 Be6 10. exf5 gxf5 11. f4 Nbd7 12. Be3 Qe8 13. Qd2 Nh5 14. Kh2 Qg6 15. b3
Kh8 16. d4 Rg8 17. d5 exf4 18. Bxf4 Nxf4 19. Qxf4 cxd5 20. cxd5 Be5 21. Qf3 Bf7
22. Nf4 Qg7 23. Rac1 Nf6 24. Nce2 Ne4 25. Qd3 Bxf4 26. Rxf4 Bh5 27. g4 Nc5 28.
Qxf5 Bg6 29. Qf6 Rae8 30. Ng3 Re7 31. Rcf1 Nd3 32. Qxg7+ Kxg7 33. Rf6 Rc8 34.
Rxd6 Rc2 35. Re6 Rf7 36. Rxf7+ Bxf7 37. Re2 Rxe2 38. Nxe2 Kf6 39. Nc3 Ke5 40.
d6 Kxd6 41. Bxb7 Kc5 42. Be4 Kd4 43. Nb5+ Kxe4 44. Nd6+ Kf4 45. Nxf7 Nc1 46.
Nd8 Nxa2 47. Nc6 a6 48. Nb8 Nb4 49. Nd7 Nd3 50. Nf6 h6 51. Nd5+ Ke5 52. Ne7 Nc5
53. Nc6+ Kf4 54. b4 Nd3 55. Kg2 Ke4 56. Kg3 Kd5 57. Na5 Nxb4 58. Kh4 Nd3 59. g5
hxg5+ 60. Kxg5 Ne1 61. h4 Nf3+ 62. Kg4 Nxh4 63. Kxh4 Kc5 64. Kg3 Kb5 65. Nb7 a5
66. Nxa5 Kxa5 1/2-1/2

[Event "6th Edmonton International"]
[Site "Edmonton"]
[Date "2011.07.28"]
[Round "2"]
[White "Abrahamyan, Tatev"]
[Black "Pechenkin, Vladimir"]
[Result "1/2-1/2"]
[WhiteElo "2343"]
[BlackElo "2297"]
[PlyCount "73"]
[EventDate "2011.07.27"]
[EventType "tourn"]
[EventRounds "9"]
[EventCountry "CAN"]
[EventCategory "4"]

1. e4 Nf6 2. e5 Nd5 3. d4 d6 4. c4 Nb6 5. exd6 exd6 6. Nc3 Nc6 7. Be3 Be7 8.
Bd3 O-O 9. b3 Re8 10. Nge2 Bg5 11. Bxg5 Qxg5 12. O-O Bf5 13. f4 Qg6 14. Bxf5
Qxf5 15. d5 Nb4 16. a3 Na6 17. Ng3 Qd7 18. Qc2 c6 19. Rad1 cxd5 20. Nxd5 Nxd5
21. Rxd5 Nc7 22. Rd3 Qc6 23. Qb2 Qc5+ 24. Kh1 f6 25. h3 Re6 26. b4 Qxc4 27. Rc3
Qd4 28. Qc2 Ne8 29. Rd3 Qb6 30. Qb3 d5 31. Rxd5 Kh8 32. Nf5 Nd6 33. Nxd6 Rxd6
34. Rfd1 Rxd5 35. Qxd5 h6 36. Qf7 Qc6 37. Re1 1/2-1/2

[Event "6th Edmonton International"]
[Site "Edmonton"]
[Date "2011.07.28"]
[Round "2"]
[White "Melekhina, Alisa"]
[Black "Haessel, Dale"]
[Result "1-0"]
[WhiteElo "2263"]
[BlackElo "2211"]
[PlyCount "73"]
[EventDate "2011.07.27"]
[EventType "tourn"]
[EventRounds "9"]
[EventCountry "CAN"]
[EventCategory "4"]

1. e4 e5 2. Nc3 Nf6 3. g3 d5 4. exd5 Nxd5 5. Bg2 Nxc3 6. bxc3 Bd6 7. Nf3 O-O 8.
O-O c6 9. Re1 Qc7 10. d4 Nd7 11. Qd3 h6 12. Nh4 exd4 13. cxd4 Nf6 14. c4 Be6
15. Bb2 Bb4 16. Re3 Rad8 17. d5 cxd5 18. Bxf6 gxf6 19. cxd5 Bc5 20. Re2 Bg4 21.
Re4 f5 22. Rf4 Bd6 23. Rc4 Qe7 24. Nxf5 Bxf5 25. Qxf5 Qe5 26. Qxe5 Bxe5 27. Rb1
b6 28. Rc6 Kg7 29. Rb4 f6 30. Rg4+ Kf7 31. Ra4 Rd7 32. Bh3 Rb7 33. Bc8 Re7 34.
Be6+ Kg7 35. Rg4+ Kh8 36. Rg6 Rh7 37. d6 1-0